[Event "Madrid San Viator op-A 30th"]
[Site "Madrid"]
[Date "2018.06.03"]
[Round "8"]
[White "Unciti Juan, Javier"]
[Black "Cervino Rossel, Cristobal"]
[Result "0-1"]
[WhiteElo "1970"]
[BlackElo "2063"]
[PlyCount "110"]
[EventDate "2018.04.08"]
[EventType "swiss"]
[EventRounds "9"]
[EventCountry "ESP"]
[SourceTitle "EXT 2019"]
[Source "ChessBase"]
[SourceDate "2018.10.10"]
[SourceVersion "1"]
[SourceVersionDate "2018.10.10"]
[SourceQuality "1"]

1. e4 e5 2. f4 d5 3. exd5 exf4 4. Nf3 Nf6 5. c4 c6 6. d4 cxd5 7. c5 Nh5 8. Be2 g5 9. 0-0 h6 10. Nxg5 hxg5 11. Bxh5 Bg7 12. g3 Bh3 13. Re1+ Kf8 14. gxf4 gxf4 15. Bxf4 Nc6 16. Qf3 Qf6 17. Bd6+ Kg8 18. Qxh3 Qg5+ 19. Kh1 Rxh5 20. Qd3 Qf5 21. Qxf5 Rxf5 22. Nc3 Nxd4 23. Rf1 Rh5 24. Rae1 Ne6 25. Re2 b6 26. cxb6 axb6 27. Rd2 d4 28. Ne4 Rh6 29. Rg2 Rg6 30. Nf6+ Kh8 31. Be5 Rxg2 32. Kxg2 Ra5 33. Rf5 Rxe5 34. Rxe5 Bxf6 35. Rb5 d3 36. Kf2 Bd4+ 37. Ke1 Be3 38. Rf5 Kg7 39. Kd1 d2 40. Rf3 Bf4 41. h3 f5 42. Rb3 Nc5 43. Rf3 Ne6 44. a4 Kf6 45. b4 Ke5 46. a5 bxa5 47. bxa5 Ke4 48. Rc3 Be3 49. a6 f4 50. Rc6 Ng5 51. a7 Nxh3 52. a8Q Nf2+ 53. Kc2 d1Q+ 54. Kb2 Nd3+ 55. Kc3 Qc1+ 0-1

[Event "Madrid San Viator op-A 30th"]
[Site "Madrid"]
[Date "2018.04.08"]
[Round "1"]
[White "Cervino Rossel, Cristobal"]
[Black "Munoz Cebey, Ricardo"]
[Result "1-0"]
[WhiteElo "2063"]
[BlackElo "1793"]
[PlyCount "95"]
[EventDate "2018.04.08"]
[EventType "swiss"]
[EventRounds "9"]
[EventCountry "ESP"]
[SourceTitle "EXT 2019"]
[Source "ChessBase"]
[SourceDate "2018.10.10"]
[SourceVersion "1"]
[SourceVersionDate "2018.10.10"]
[SourceQuality "1"]

1. d4 d5 2. Nf3 Nf6 3. g3 e6 4. Bg2 Be7 5. 0-0 0-0 6. c4 dxc4 7. Qa4 a6 8. Qxc4 b5 9. Qc2 Bb7 10. Bd2 Be4 11. Qc1 Bb7 12. Rd1 Qc8 13. b4 Nc6 14. a3 a5 15. bxa5 Nxa5 16. Bxa5 Rxa5 17. Nbd2 Bd5 18. Qc3 Qa8 19. Ne1 Bxg2 20. Nxg2 Nd5 21. Qc2 Rxa3 22. Rxa3 Qxa3 23. Nb1 Qa4 24. Qc1 b4 25. e4 Nf6 26. Re1 Rc8 27. Qc4 Qa8 28. f3 c5 29. Rc1 Nd7 30. dxc5 Rxc5 31. Qf1 Rxc1 32. Qxc1 Qb7 33. Nf4 Ne5 34. Qe3 Qc7 35. Qb3 Qc5+ 36. Kg2 g5 37. Ne2 Nc4 38. Qd3 Ne3+ 39. Kh3 h5 40. g4 hxg4+ 41. fxg4 Nc2 42. Ng3 Bd6 43. e5 Ne1 44. Qxd6 Qc2 45. Nd2 Nd3 46. Qd8+ Kh7 47. Qxg5 b3 48. Nge4 1-0

[Event "Madrid-ch"]
[Site "Madrid"]
[Date "2017.06.06"]
[Round "2"]
[White "Cervino Rossel, Cristobal"]
[Black "Pablos Tenrero, Raquel"]
[Result "1/2-1/2"]
[WhiteElo "2100"]
[BlackElo "1988"]
[PlyCount "73"]
[EventDate "2017.06.05"]
[EventType "swiss"]
[EventRounds "7"]
[EventCountry "ESP"]
[SourceTitle "CBM 179 Extra"]
[Source "ChessBase"]
[SourceDate "2017.08.23"]
[SourceVersion "1"]
[SourceVersionDate "2017.08.23"]
[SourceQuality "1"]

1. d4 Nf6 2. Nf3 e6 3. g3 b5 4. Bg2 Bb7 5. 0-0 c5 6. a4 b4 7. c4 bxc3 8. Nxc3 Be7 9. dxc5 Bxc5 10. Nb5 0-0 11. Bf4 Na6 12. Nd6 Bd5 13. Qd3 Nb4 14. Qc3 Na6 15. Be5 Bxd6 16. Bxd6 Ne4 17. Qa3 Re8 18. Bf4 Qa5 19. Rad1 Nac5 20. Nd2 Qa6 21. Nxe4 Nxe4 22. Bf3 Rac8 23. Rc1 Qb6 24. Be3 Qb7 25. Qd3 f5 26. Qb5 Rb8 27. Qa5 a6 28. Rc7 Qb4 29. Qxa6 Bc6 30. Rxc6 dxc6 31. Qxc6 Qxb2 32. Bxe4 fxe4 33. Qxe4 Qxe2 34. Ra1 Qa6 35. a5 Rb5 36. Bd2 Rf5 37. Re1 1/2-1/2

[Event "Madrid-ch"]
[Site "Madrid"]
[Date "2017.06.05"]
[Round "1"]
[White "Valles Moreno, Ivan"]
[Black "Cervino Rossel, Cristobal"]
[Result "1-0"]
[WhiteElo "2438"]
[BlackElo "2100"]
[PlyCount "41"]
[EventDate "2017.06.05"]
[EventType "swiss"]
[EventRounds "7"]
[EventCountry "ESP"]
[SourceTitle "CBM 179 Extra"]
[Source "ChessBase"]
[SourceDate "2017.08.23"]
[SourceVersion "1"]
[SourceVersionDate "2017.08.23"]
[SourceQuality "1"]

1. e4 e5 2. Nc3 Nf6 3. Bc4 Bc5 4. f4 d6 5. Nf3 0-0 6. d3 c6 7. fxe5 dxe5 8. Qe2 b5 9. Bb3 a5 10. a4 b4 11. Nd1 Nbd7 12. Bg5 h6 13. Bh4 Be7 14. Ne3 g6 15. Bg3 Ba6 16. Nxe5 Nxe5 17. Bxe5 Nxe4 18. Qg4 Ng5 19. h4 Bc8 20. hxg5 Bxg5 21. Rxh6 1-0

[Event "Madrid San Viator op-A 28th"]
[Site "Madrid"]
[Date "2017.05.14"]
[Round "6"]
[White "Cervino Rossel, Cristobal"]
[Black "Martin Sanchez, Francisco"]
[Result "1-0"]
[WhiteElo "2045"]
[BlackElo "1994"]
[PlyCount "121"]
[EventDate "2017.03.26"]
[EventType "swiss"]
[EventRounds "9"]
[EventCountry "ESP"]
[SourceTitle "EXT 2018"]
[Source "ChessBase"]
[SourceDate "2017.10.13"]
[SourceVersion "1"]
[SourceVersionDate "2017.10.13"]
[SourceQuality "1"]

1. d4 d5 2. c4 e6 3. Nc3 f5 4. Bf4 c6 5. e3 Nf6 6. Nf3 Be7 7. h3 0-0 8. Bd3 Ne4 9. 0-0 Bd7 10. Ne5 Be8 11. f3 Nd6 12. Qb3 Qb6 13. Qc2 Qd8 14. c5 Nf7 15. b4 Nxe5 16. Bxe5 Nd7 17. Bg3 a6 18. a4 Bh4 19. Bh2 Qg5 20. Bf4 Qf6 21. Bd6 Rf7 22. g3 Bg5 23. f4 Bh6 24. Kh2 g5 25. Rg1 Kh8 26. Raf1 Bf8 27. fxg5 Qxg5 28. Bf4 Qe7 29. g4 fxg4 30. Rxg4 e5 31. Rfg1 Rg7 32. Bg5 Nf6 33. R4g3 e4 34. Qf2 Rxg5 35. Rxg5 Bg6 36. Be2 Bh6 37. Re5 Qf7 38. Nd1 Rf8 39. Qh4 Bg7 40. Reg5 Kg8 41. Kh1 a5 42. bxa5 Qc7 43. Qg3 Qxg3 44. R5xg3 Bh6 45. Rf1 Kf7 46. Nf2 Ke7 47. Ng4 Nh5 48. Rgg1 Rxf1 49. Bxf1 Bg5 50. a6 bxa6 51. Bxa6 Bf5 52. Bb7 Bh4 53. Bxc6 Ng3+ 54. Kg2 h5 55. Nf2 Be6 56. Ra1 Nf5 57. Nd1 Be1 58. a5 Nh4+ 59. Kf1 Bg3 60. Nf2 Nf5 61. Ke2 1-0

[Event "Madrid San Viator op-A 28th"]
[Site "Madrid"]
[Date "2017.04.09"]
[Round "3"]
[White "Correas Gonzalez, Jose Ramon"]
[Black "Cervino Rossel, Cristobal"]
[Result "1/2-1/2"]
[WhiteElo "2080"]
[BlackElo "2045"]
[PlyCount "112"]
[EventDate "2017.03.26"]
[EventType "swiss"]
[EventRounds "9"]
[EventCountry "ESP"]
[SourceTitle "EXT 2018"]
[Source "ChessBase"]
[SourceDate "2017.10.13"]
[SourceVersion "1"]
[SourceVersionDate "2017.10.13"]
[SourceQuality "1"]

1. e4 e5 2. Nf3 Nc6 3. Bb5 Nge7 4. d4 exd4 5. c3 d3 6. Qxd3 g6 7. Bg5 Bg7 8. Nbd2 h6 9. Bh4 0-0 10. 0-0 g5 11. Bg3 d6 12. h4 g4 13. Nd4 Bd7 14. Nxc6 Nxc6 15. Bxc6 Bxc6 16. Nb3 f5 17. exf5 Qd7 18. Nd4 Bxd4 19. Qxd4 Qxf5 20. Rfe1 Rae8 21. Rad1 Re4 22. Rxe4 Qxe4 23. Qxe4 Bxe4 24. Rd4 Re8 25. Bf4 h5 26. Be3 a6 27. Kh2 Bc6 28. Rf4 Rf8 29. Rc4 Kg7 30. Kg3 Kg6 31. Bg5 Rf7 32. Rd4 Bd7 33. a4 Rf8 34. a5 Re8 35. c4 Bf5 36. b4 Re4 37. Rxe4 Bxe4 38. Bd8 c6 39. Bc7 Bd3 40. Bxd6 Bxc4 41. Kf4 Bf1 42. f3 Bxg2 43. fxg4 hxg4 44. Kxg4 Bf1 45. Bc5 Be2+ 46. Kf4 Kh5 47. Be7 Bb5 48. Ke5 Ba4 49. Kd6 Bb5 50. Kc5 Kg4 51. Kb6 Kh5 52. Kxb7 Kg4 53. Kb6 Kh5 54. Kc5 Kg4 55. Kd4 Kh5 56. Ke5 Ba4 1/2-1/2

[Event "Madrid-ch sf"]
[Site "Madrid"]
[Date "2017.04.03"]
[Round "6"]
[White "Camarero Izquierdo, Juan Carlos"]
[Black "Cervino Rossel, Cristobal"]
[Result "0-1"]
[WhiteElo "1775"]
[BlackElo "2045"]
[PlyCount "134"]
[EventDate "2017.03.27"]
[EventType "swiss"]
[EventRounds "9"]
[EventCountry "ESP"]
[SourceTitle "CBM 177 Extra"]
[Source "ChessBase"]
[SourceDate "2017.04.27"]
[SourceVersion "1"]
[SourceVersionDate "2017.04.27"]
[SourceQuality "1"]

1. d4 Nf6 2. Nc3 d5 3. Bg5 c5 4. e3 Nc6 5. Bb5 e6 6. Nf3 Bd7 7. Bxc6 Bxc6 8. Ne5 Rc8 9. 0-0 Be7 10. Bxf6 Bxf6 11. f4 0-0 12. Rf3 Bxe5 13. fxe5 f6 14. Rh3 Be8 15. Qg4 f5 16. Qe2 Qb6 17. Qd2 Rc7 18. Nd1 f4 19. c3 fxe3 20. Nxe3 cxd4 21. cxd4 Bg6 22. Rg3 Rf4 23. Nxd5 Rxd4 24. Nxb6 Rxd2 25. Na4 Rcc2 26. Nc3 Rxb2 27. Rc1 b5 28. a3 a5 29. h4 b4 30. axb4 axb4 31. Na4 Rbc2 32. Rxc2 Rxc2 33. Re3 Be8 34. Nb6 Rc6 35. Na8 Rc1+ 36. Kh2 Bc6 37. Nc7 Rc3 38. Re2 Bf3 39. gxf3 Rxc7 40. Rb2 Rc4 41. Kg3 h5 42. Rb3 Kf7 43. Rd3 Rc7 44. Rb3 Rc4 45. Rd3 Kg6 46. Rd6 Kf5 47. Rd7 Kxe5 48. Rxg7 Kd4 49. Rg6 Kc3 50. Rxe6 b3 51. f4 b2 52. Re1 Kd2 53. Rb1 Kc2 54. Rxb2+ Kxb2 55. f5 Kc3 56. f6 Rg4+ 57. Kf3 Rg6 58. Kf4 Rxf6+ 59. Kg5 Rf1 60. Kxh5 Kd4 61. Kg6 Rg1+ 62. Kf6 Rf1+ 63. Kg5 Ke5 64. h5 Rg1+ 65. Kh6 Kf6 66. Kh7 Rg5 67. h6 Rg1 0-1

[Event "Madrid-ch sf"]
[Site "Madrid"]
[Date "2017.03.27"]
[Round "1"]
[White "Cervino Rossel, Cristobal"]
[Black "Pashov, Spas Nikolov"]
[Result "1-0"]
[WhiteElo "2045"]
[BlackElo "1867"]
[PlyCount "51"]
[EventDate "2017.03.27"]
[EventType "swiss"]
[EventRounds "9"]
[EventCountry "ESP"]
[SourceTitle "CBM 177 Extra"]
[Source "ChessBase"]
[SourceDate "2017.04.27"]
[SourceVersion "1"]
[SourceVersionDate "2017.04.27"]
[SourceQuality "1"]

1. d4 Nf6 2. Nf3 d5 3. g3 e6 4. Bg2 c5 5. 0-0 Nc6 6. c4 dxc4 7. Ne5 Nxe5 8. dxe5 Qxd1 9. Rxd1 Nd7 10. f4 Rb8 11. a4 f6 12. exf6 gxf6 13. Na3 Be7 14. Nxc4 Kf7 15. Be3 b6 16. Nd6+ Bxd6 17. Rxd6 Ke7 18. Rad1 Rd8 19. f5 Re8 20. Rxe6+ Kf7 21. Bd5 Bb7 22. Bc4 Nf8 23. Re4+ Kg7 24. Rg4+ Ng6 25. Rd7+ Kh8 26. fxg6 1-0

[Event "Madrid San Viator op-A 28th"]
[Site "Madrid"]
[Date "2017.03.26"]
[Round "1"]
[White "Cano Mercado, Francisco Manuel"]
[Black "Cervino Rossel, Cristobal"]
[Result "0-1"]
[WhiteElo "1799"]
[BlackElo "2045"]
[PlyCount "134"]
[EventDate "2017.03.26"]
[EventType "swiss"]
[EventRounds "9"]
[EventCountry "ESP"]
[SourceTitle "EXT 2018"]
[Source "ChessBase"]
[SourceDate "2017.10.13"]
[SourceVersion "1"]
[SourceVersionDate "2017.10.13"]
[SourceQuality "1"]

1. d4 Nf6 2. Nf3 d5 3. Bf4 c5 4. e3 Qb6 5. Qc1 Nc6 6. c3 Bf5 7. Nbd2 e6 8. h3 h6 9. Be2 Be7 10. Ne5 Nxe5 11. Bxe5 Bh7 12. 0-0 0-0 13. dxc5 Qxc5 14. Nb3 Qb6 15. Qd1 Nd7 16. Bh2 Bf6 17. Bd3 Bxd3 18. Qxd3 Ne5 19. Bxe5 Bxe5 20. e4 Rfd8 21. Rad1 Bf6 22. Qe2 dxe4 23. Qxe4 Qa6 24. a3 Qb6 25. Qb4 Qc7 26. Qc5 Qf4 27. Qb4 Qc7 28. Qc5 Qb8 29. Rxd8+ Qxd8 30. Qb5 a6 31. Qa5 b6 32. Qa4 Qd5 33. Qb4 Rb8 34. Nd4 a5 35. Qa4 Bxd4 36. cxd4 Rd8 37. Rc1 Qxd4 38. Qb5 Qf4 39. Rf1 Rd6 40. g3 Qf3 41. Qe5 Qd5 42. Qc3 Rc6 43. Qe3 a4 44. Qf4 b5 45. Qb8+ Kh7 46. Qb7 Kg6 47. h4 Rc2 48. h5+ Qxh5 49. Qe4+ Qf5 50. Qd4 Rc4 51. Qe3 h5 52. Rc1 Rxc1+ 53. Qxc1 Qd3 54. Kg2 Qd5+ 55. Kg1 Qg5 56. Qc2+ Kh6 57. Qc3 h4 58. Kg2 hxg3 59. fxg3 Qd5+ 60. Kf2 f5 61. Qb4 Qc4 62. Qd2+ Kg6 63. Kg1 Qb3 64. Kf2 Qd5 65. Qc3 e5 66. Qc2 Qd4+ 67. Kf1 Qc4+ 0-1

[Event "Madrid San Viator op-A 26th"]
[Site "Madrid"]
[Date "2016.04.17"]
[Round "3"]
[White "Fernandez Rios, Jose Francisco"]
[Black "Cervino Rossel, Cristobal"]
[Result "1/2-1/2"]
[WhiteElo "1812"]
[BlackElo "2121"]
[PlyCount "91"]
[EventDate "2016.04.03"]
[EventType "swiss"]
[EventRounds "9"]
[EventCountry "ESP"]
[SourceTitle "EXT 2017"]
[Source "ChessBase"]
[SourceDate "2016.10.25"]
[SourceVersion "1"]
[SourceVersionDate "2016.10.25"]
[SourceQuality "1"]

1. d4 Nf6 2. c4 e6 3. Nf3 b6 4. e3 Bb7 5. Bd3 Bb4+ 6. Nbd2 0-0 7. 0-0 Bxd2 8. Nxd2 c5 9. b3 d6 10. Bb2 Nbd7 11. Qc2 Qe7 12. Ne4 h6 13. Rad1 Kh8 14. Rfe1 Rac8 15. dxc5 dxc5 16. Nxf6 Nxf6 17. Rd2 Rcd8 18. Red1 Rd7 19. Bf1 Rxd2 20. Qxd2 e5 21. Qd6 Re8 22. f4 Ng4 23. Qxe7 Rxe7 24. Rd8+ Kh7 25. Bd3+ e4 26. Be2 Nxe3 27. Kf2 Nf5 28. Bg4 Nd4 29. Bxd4 cxd4 30. Rxd4 g6 31. Ke3 f5 32. Be2 Bc8 33. h4 Be6 34. a3 Kg7 35. Rd8 Rc7 36. Kd4 Kf6 37. b4 h5 38. Kc3 Bxc4 39. Bxc4 b5 40. Rd6+ Kg7 41. Rd4 Rxc4+ 42. Rxc4 bxc4 43. Kxc4 Kf7 44. a4 Ke7 45. Kd4 Kd6 46. Kc4 1/2-1/2

[Event "Madrid San Viator op 25th"]
[Site "Madrid"]
[Date "2015.11.01"]
[Round "6"]
[White "Bustos Bernardo, Samuel"]
[Black "Cervino Rossel, Cristobal"]
[Result "0-1"]
[WhiteElo "1964"]
[BlackElo "2114"]
[PlyCount "68"]
[EventDate "2015.10.04"]
[EventType "swiss"]
[EventRounds "9"]
[EventCountry "ESP"]
[SourceTitle "CBM 169 Extra"]
[Source "ChessBase"]
[SourceDate "2015.12.18"]
[SourceVersion "1"]
[SourceVersionDate "2015.12.18"]
[SourceQuality "1"]

1. Nf3 Nf6 2. c4 b6 3. e3 Bb7 4. Be2 g6 5. Nc3 Bg7 6. 0-0 0-0 7. d4 d6 8. Qc2 Nbd7 9. e4 e5 10. d5 h6 11. Rb1 a5 12. Nd2 Nc5 13. b3 Nh7 14. a3 f5 15. b4 axb4 16. axb4 Nd7 17. Nb3 Ba6 18. Re1 Qh4 19. Bd2 f4 20. f3 g5 21. Nd1 Ndf6 22. Nf2 h5 23. Qd1 Bc8 24. h3 g4 25. fxg4 Ng5 26. gxh5 Bxh3 27. Bf3 Nxh5 28. Bxh5 Qg3 29. Nxh3 Nxh3+ 30. Kh1 Nf2+ 31. Kg1 Nxd1 32. Rexd1 f3 33. Bxf3 Rxf3 34. Be1 Qg4 0-1

[Event "Madrid San Viator op 25th"]
[Site "Madrid"]
[Date "2015.10.25"]
[Round "5"]
[White "Cervino Rossel, Cristobal"]
[Black "Sotoca Aguado, Jose"]
[Result "1-0"]
[WhiteElo "2114"]
[BlackElo "1946"]
[PlyCount "73"]
[EventDate "2015.10.04"]
[EventType "swiss"]
[EventRounds "9"]
[EventCountry "ESP"]
[SourceTitle "CBM 169 Extra"]
[Source "ChessBase"]
[SourceDate "2015.12.18"]
[SourceVersion "1"]
[SourceVersionDate "2015.12.18"]
[SourceQuality "1"]

1. d4 Nf6 2. Nf3 e6 3. g3 b6 4. Bg2 Bb7 5. 0-0 d5 6. c4 Be7 7. cxd5 exd5 8. Nc3 0-0 9. a4 Nc6 10. Bf4 Nb4 11. Rc1 c6 12. Re1 Nh5 13. Bd2 Rc8 14. a5 Bd6 15. axb6 axb6 16. Na4 Ba6 17. Ne5 Bb5 18. Nc3 Ba6 19. Bh3 Rc7 20. Bg4 Nf6 21. Bg5 h6 22. Bxf6 Qxf6 23. Nd7 Qg5 24. Bh3 Bc8 25. Nxf8 Bxh3 26. e4 Kxf8 27. e5 Be7 28. Nb5 Rd7 29. Qb3 g6 30. Nd6 c5 31. f4 Qh5 32. dxc5 bxc5 33. Rxc5 Bxd6 34. exd6 Rxd6 35. Qxb4 Kg7 36. Qd4+ Kh7 37. Re8 1-0

[Event "Madrid San Viator op 24th"]
[Site "Madrid"]
[Date "2015.05.10"]
[Round "6"]
[White "Julian Serra, Rogelio"]
[Black "Cervino Rossel, Cristobal"]
[Result "1/2-1/2"]
[WhiteElo "1984"]
[BlackElo "2102"]
[PlyCount "79"]
[EventDate "2015.03.22"]
[EventType "swiss"]
[EventRounds "9"]
[EventCountry "ESP"]
[SourceTitle "EXT 2016"]
[Source "ChessBase"]
[SourceDate "2015.10.08"]
[SourceVersion "1"]
[SourceVersionDate "2015.10.08"]
[SourceQuality "1"]

1. g3 Nf6 2. Bg2 g6 3. c4 Bg7 4. Nc3 0-0 5. d3 d6 6. Nf3 c5 7. 0-0 Nc6 8. Rb1 Bf5 9. a3 Qc8 10. Re1 Bh3 11. Bh1 h6 12. b4 Ng4 13. Nd5 Re8 14. Nf4 Nf6 15. Nxh3 Qxh3 16. bxc5 Qd7 17. cxd6 exd6 18. Qa4 Rac8 19. Bb2 b6 20. Nd2 Qc7 21. Ne4 Ne5 22. Nxf6+ Bxf6 23. Qb5 Bg7 24. a4 Qc5 25. Qxc5 dxc5 26. Kf1 Re7 27. Bxe5 Bxe5 28. Rec1 Bc7 29. Rc2 Kf8 30. Ra2 Rd8 31. Bd5 Rde8 32. e4 Kg7 33. f4 h5 34. Kg2 h4 35. Kf3 hxg3 36. hxg3 Rh8 37. a5 Rh5 38. axb6 Bxb6 39. Kg2 Re8 40. g4 1/2-1/2

[Event "Madrid-ch sf-A"]
[Site "Madrid"]
[Date "2015.03.24"]
[Round "8"]
[White "Cervino Rossel, Cristobal"]
[Black "Blanco Sanchez, Jose Fernando"]
[Result "1/2-1/2"]
[WhiteElo "2102"]
[BlackElo "2062"]
[PlyCount "151"]
[EventDate "2015.03.09"]
[EventType "swiss"]
[EventRounds "9"]
[EventCountry "ESP"]
[SourceTitle "CBM 165 Extra"]
[Source "ChessBase"]
[SourceDate "2015.04.21"]
[SourceVersion "1"]
[SourceVersionDate "2015.04.21"]
[SourceQuality "1"]

1. e4 e5 2. Nf3 Nc6 3. Bc4 Nf6 4. d3 Be7 5. 0-0 d6 6. a4 0-0 7. a5 a6 8. Re1 h6 9. Nbd2 Nh7 10. c3 Ng5 11. Qb3 Bf6 12. Kh1 Ne7 13. Nxg5 Bxg5 14. d4 Ng6 15. dxe5 dxe5 16. Nf3 Bxc1 17. Raxc1 Qf6 18. Ng1 Nf4 19. f3 h5 20. Bf1 h4 21. Qc2 g5 22. Qf2 Kg7 23. Qc5 Ne6 24. Qe3 Bd7 25. Rcd1 Bc6 26. Nh3 Nf4 27. Nf2 Qe7 28. Ng4 Rad8 29. Qf2 Rxd1 30. Rxd1 Bd7 31. Nxe5 Ba4 32. Rd4 Qxe5 33. Rxa4 Rd8 34. Rd4 Ne6 35. Rxd8 Nxd8 36. Qd2 Ne6 37. b4 c5 38. Kg1 cxb4 39. cxb4 Qd4+ 40. Qxd4+ Nxd4 41. Bc4 Nc6 42. Bd5 Nxb4 43. Bxb7 f5 44. exf5 Kf6 45. Bc8 Nc6 46. Bxa6 Nxa5 47. Bd3 Nc6 48. g4 Ke5 49. Kf2 Ne7 50. Be4 Ng8 51. Ke3 Nf6 52. Bc6 Nh7 53. Ba4 Nf6 54. Bb3 Nh7 55. Ba2 Nf6 56. Bf7 Nh7 57. Bg8 Nf6 58. Be6 Nh7 59. h3 Nf6 60. Ba2 Nh7 61. Bf7 Nf6 62. Bc4 Nh7 63. Bb3 Nf6 64. Bc4 Nh7 65. Bf7 Nf6 66. Be6 Nh7 67. Bc8 Nf6 68. Bb7 Nh7 69. Ba6 Nf6 70. Bb7 Nh7 71. f4+ gxf4+ 72. Kf2 Ng5 73. Bg2 Nf7 74. Bf1 Ng5 75. Bg2 Nf7 76. Ke2 1/2-1/2

[Event "Madrid-ch sf-A"]
[Site "Madrid"]
[Date "2015.03.23"]
[Round "7"]
[White "Lopez de Turiso, Jose Angel"]
[Black "Cervino Rossel, Cristobal"]
[Result "1-0"]
[WhiteElo "2046"]
[BlackElo "2102"]
[PlyCount "145"]
[EventDate "2015.03.09"]
[EventType "swiss"]
[EventRounds "9"]
[EventCountry "ESP"]
[SourceTitle "CBM 165 Extra"]
[Source "ChessBase"]
[SourceDate "2015.04.21"]
[SourceVersion "1"]
[SourceVersionDate "2015.04.21"]
[SourceQuality "1"]

1. d4 c5 2. c3 cxd4 3. cxd4 d5 4. Nc3 Nf6 5. Bf4 Nc6 6. e3 a6 7. Bd3 e6 8. Rc1 Bd7 9. h3 Rc8 10. Nf3 Na5 11. 0-0 Nc4 12. Qe2 Nd6 13. Ne5 Be7 14. f3 0-0 15. g4 Be8 16. Bb1 Kh8 17. Qd3 g6 18. Bh6 Rg8 19. b3 Nd7 20. Bf4 Nxe5 21. Bxe5+ Bf6 22. Bxf6+ Qxf6 23. Kg2 Bc6 24. e4 Nb5 25. e5 Qg7 26. Qe3 f6 27. f4 Rcf8 28. Bd3 Nc7 29. b4 g5 30. exf6 Rxf6 31. fxg5 Rxf1 32. Rxf1 e5 33. Qxe5 Qxe5 34. dxe5 d4+ 35. Ne4 Nd5 36. Kg3 Nxb4 37. Rf7 Be8 38. Rf3 Bg6 39. Nf2 Nxa2 40. Bc4 Nc3 41. Bxg8 Kxg8 42. e6 Nd5 43. h4 a5 44. h5 Bc2 45. Nd3 a4 46. Rf5 Ne7 47. Rf7 Bxd3 48. Rxe7 Bb5 49. Rxb7 Be8 50. Rd7 Kf8 51. Rxd4 Ke7 52. Re4 Bc6 53. Re3 Bd5 54. Kf4 Bxe6 55. Ra3 Bb3 56. Ke5 Kf7 57. Ra1 Kg7 58. Kd4 h6 59. g6 Kf6 60. Rf1+ Kg5 61. g7 a3 62. Kc3 Be6 63. Rf8 Kxg4 64. g8Q+ Bxg8 65. Rxg8+ Kxh5 66. Kb3 Kh4 67. Kxa3 h5 68. Kb3 Kh3 69. Kc3 h4 70. Kd3 Kh2 71. Ke3 h3 72. Kf3 Kh1 73. Kg3 1-0

[Event "Madrid-ch sf-A"]
[Site "Madrid"]
[Date "2015.03.10"]
[Round "2"]
[White "Cervino Rossel, Cristobal"]
[Black "Garcia Ruiz, Fuentes Aitor"]
[Result "1/2-1/2"]
[WhiteElo "2102"]
[BlackElo "2007"]
[PlyCount "60"]
[EventDate "2015.03.09"]
[EventType "swiss"]
[EventRounds "9"]
[EventCountry "ESP"]
[SourceTitle "CBM 165 Extra"]
[Source "ChessBase"]
[SourceDate "2015.04.21"]
[SourceVersion "1"]
[SourceVersionDate "2015.04.21"]
[SourceQuality "1"]

1. d4 Nf6 2. Nf3 g6 3. Nbd2 Bg7 4. b4 Nd5 5. c3 Nxc3 6. Qb3 Nb5 7. e3 Nd6 8. e4 0-0 9. Bd3 Ne8 10. Bb2 d6 11. Rc1 c6 12. a3 Be6 13. Qc2 d5 14. e5 Qd7 15. Nb3 Bf5 16. Nc5 Bxd3 17. Qxd3 Qc7 18. e6 f6 19. 0-0 Nd6 20. Nd2 f5 21. Rce1 a5 22. Ra1 b6 23. Ncb3 a4 24. Nc1 Qc8 25. Re1 Rf6 26. Qe2 Ne4 27. f3 Ng5 28. Nd3 Rxe6 29. Qf2 Nd7 30. h4 Rxe1+ 1/2-1/2

[Event "San Sebastian de los Reyes op 16th"]
[Site "San Sebastian"]
[Date "2014.12.02"]
[Round "3"]
[White "Perez Cameselle, Francisco Jose"]
[Black "Cervino Rossel, Cristobal"]
[Result "0-1"]
[WhiteElo "1852"]
[BlackElo "2087"]
[PlyCount "86"]
[EventDate "2014.11.30"]
[EventType "swiss"]
[EventRounds "9"]
[EventCountry "ESP"]
[SourceTitle "CBM 163 Extra"]
[Source "ChessBase"]
[SourceDate "2014.12.23"]
[SourceVersion "1"]
[SourceVersionDate "2014.12.23"]
[SourceQuality "1"]

1. Nf3 Nf6 2. g3 b6 3. Bg2 Bb7 4. 0-0 g6 5. d3 Bg7 6. e4 d6 7. Nc3 0-0 8. Qe2 e5 9. h3 c5 10. a4 Nc6 11. Bg5 Nd4 12. Nxd4 cxd4 13. Nd5 Bxd5 14. exd5 h6 15. Bd2 Rc8 16. Rfc1 Nd7 17. a5 b5 18. b4 Re8 19. Qf1 f5 20. c3 dxc3 21. Rxc3 Rxc3 22. Bxc3 Qc7 23. Rc1 Rc8 24. Bb2 Qd8 25. Rc3 Rxc3 26. Bxc3 Qc7 27. Qa1 a6 28. Qb2 Nf6 29. Kh2 Kf7 30. Qb3 e4 31. Bxf6 Bxf6 32. dxe4 Qc3 33. Qb1 Qb2 34. Qe1 Bc3 35. Qe3 Bd4 36. Qxh6 Qxf2 37. Qh7+ Bg7 38. exf5 Qxf5 39. Qh4 Be5 40. Qh7+ Kf8 41. Qh6+ Kg8 42. Qh4 g5 43. Qh5 Bxg3+ 0-1

[Event "Madrid San Viator op 22nd"]
[Site "Madrid"]
[Date "2014.04.27"]
[Round "5"]
[White "Estebanez Cuesta, Alfredo"]
[Black "Cervino Rossel, Cristobal"]
[Result "0-1"]
[WhiteElo "1578"]
[BlackElo "2018"]
[PlyCount "76"]
[EventDate "2014.03.23"]
[EventType "swiss"]
[EventRounds "9"]
[EventCountry "ESP"]
[SourceTitle "EXT 2015"]
[Source "ChessBase"]
[SourceDate "2014.11.20"]
[SourceVersion "1"]
[SourceVersionDate "2014.11.20"]
[SourceQuality "1"]

1. d4 Nf6 2. c4 e6 3. a3 b6 4. e3 Bb7 5. Nf3 Be7 6. Nc3 0-0 7. Bd3 d5 8. b3 Nbd7 9. 0-0 Ne4 10. Bb2 f5 11. cxd5 exd5 12. b4 Nxc3 13. Bxc3 Bd6 14. Qc2 g6 15. Ne5 Qh4 16. f4 Nf6 17. Nf3 Qh6 18. Ng5 Ng4 19. h3 Nxe3 20. Qe2 Nxf1 21. Qe6+ Kh8 22. Nf7+ Rxf7 23. Qxf7 Ng3 24. Qf6+ Qg7 25. Qxg7+ Kxg7 26. Bd2 Ne4 27. Be3 c6 28. g4 Kf6 29. g5+ Ke6 30. Ra2 b5 31. h4 a5 32. bxa5 Rxa5 33. Bc1 c5 34. h5 c4 35. Be2 b4 36. a4 b3 37. Ra1 Bc6 38. hxg6 hxg6 0-1

[Event "Madrid-ch sf-A"]
[Site "Madrid"]
[Date "2014.03.26"]
[Round "9"]
[White "Garcia Gutierrez, Jose"]
[Black "Cervino Rossel, Cristobal"]
[Result "1/2-1/2"]
[WhiteElo "2009"]
[BlackElo "2018"]
[PlyCount "42"]
[EventDate "2014.03.10"]
[EventType "swiss"]
[EventRounds "9"]
[EventCountry "ESP"]
[SourceTitle "EXT 2015"]
[Source "ChessBase"]
[SourceDate "2014.11.20"]
[SourceVersion "1"]
[SourceVersionDate "2014.11.20"]
[SourceQuality "1"]

1. e4 e5 2. b3 Nc6 3. Bb2 Nf6 4. d3 Bc5 5. Nc3 a6 6. Qd2 0-0 7. h3 d5 8. exd5 Nxd5 9. Nxd5 Qxd5 10. 0-0-0 b5 11. f4 exf4 12. Qxf4 Re8 13. Qg3 Bd4 14. Nf3 Bxb2+ 15. Kxb2 a5 16. d4 Ba6 17. Bd3 Nb4 18. Rhe1 Nxd3+ 19. Rxd3 a4 20. Rde3 Rf8 21. Rc3 axb3 1/2-1/2